Responses for show #8223 - Wednesday, May 27, 2020

2020 Teachers Tournament quarterfinal game 3.

Contestants

[<< previous game]

Lauren Schneider Lipton, a high school health teacher from Seattle, Washington

Will Satterwhite, an 8th through 12th grade band and choir teacher from Vinton, Virginia

Jenna Hall, a high school English teacher from Seaside, California

[next game >>]

Jeopardy! Round responses

GEOGRAPHY
SAY IT IN FRENCH
A HIT RECENTLY
YO HO HO
A WRITER'S LIFE
FORM "E"
(Alex: "E" will begin each correct response.)
    $200 9
the Great Barrier Reef

Jenna
    $200 3
cafe au lait

Jenna
    $200 8
Justin Bieber

Triple Stumper
    $200 1
a bottle of rum

Will
    $200 17
Agatha Christie

Jenna
    $200 7
equilateral

Jenna
    $400 15
Mount Olympus

Will
    $400 4
mon dieu

Will
    $400 14
Mariah Carey

Jenna
    $400 2
a sea shanty

Lauren
    $1,000 18
(Jenna: Who is T.S. Eliot?)

C.S. Lewis

Jenna
    $400 10
eaves

Will
    $600 22
Lake Victoria

Lauren
    $600 5
grand prix

Will
    $600 16
Post Malone

Triple Stumper
    $600 6
whaling

Triple Stumper
    $600 19
Salinger

Lauren
    $600 11
the Ellipse

Triple Stumper
    $800 26
Po

Triple Stumper
    $800 20
carte blanche

Will
    $800 28
Selena Gomez

Will
    $800 25
the Spanish ladies

Triple Stumper
    $800 23
George Orwell

Jenna
    $800 12
an exoskeleton

Will
    $1000 27
(Lauren: What are Morocco and Mali?)

Mauritania and Mali

JennaLauren
    $1000 21
c'est la vie

Will
    $1000 29
Lana Del Rey

Triple Stumper
    $1000 30
grog

Triple Stumper
    $1000 24
(Lauren: Who is Webster?)

Samuel Johnson

Lauren
Triple Stumper
    $1000 13
(Jenna: What is an elf?)

elver

Jenna
Triple Stumper

Scores at the first commercial break (after clue 15):

Jenna Will Lauren
$0 $2,800 $400

Scores at the end of the Jeopardy! Round:

Jenna Will Lauren
$1,000 $5,400 -$400

Double Jeopardy! Round responses

WE HAVE A SITUATION
TV PERSONALITIES
SCIENCE NOW!
THE RENAISSANCE
CHANGE A LETTER
OF TEACHERS & TESTS
    $400 25
Israel

Will
    $400 4
(Ryan) Seacrest

Will
    $400 20
a black hole

Will
    $400 1
Florence

Lauren
    $400 6
green & greed

Will
    $400 11
an open book

Will
    $800 27
(Will: What is lose-lose?)

win-win

WillLauren
    $800 5
Sara Gilbert

Triple Stumper
    $800 21
schizophrenia

Lauren
    $800 2
Library

Will
    $800 7
bland & blend

Will
    $800 12
a thesis

Will
    $1200 28
Truman

Jenna
    $1200 18
Mark Cuban

Will
    $1200 22
a comet

Will
    $3,800 3
Humanism

Will
    $1200 8
char & Cher

Lauren
    $1,200 13
a proctor

Will
    $1600 29
Dunkirk

Jenna
    $1600 19
Alton Brown

Jenna
    $1600 23
a protein

Lauren
    $1600 9
David

Lauren
    $1600 16
brief & grief

Jenna
    $1600 14
a mentor

Lauren
    $2000 30
Philip (of Macedon)

Will
    $2000 26
Erin Andrews

Triple Stumper
    $2000 24
lithium-ion

Jenna
    $2000 10
Avignon

Will
    $2000 17
dark & dank

Will
    $2000 15
competency

Triple Stumper

Scores at the end of the Double Jeopardy! Round:

Jenna Will Lauren
$9,000 $22,400 $7,600
(lock game)

Final Jeopardy! Round responses

FAIRY TALES
LaurenWhat is Jack & and the Beanstalk
$6,401
JennaWhat is Jack and the Beanstalk?
$7,500
WillWhat is "Jack and the Beanstalk"?
$0
"Jack and the Beanstalk"

Final scores:

Jenna Will Lauren
$16,500 $22,400 $14,001
2nd place: $5,000 if eliminated Automatic semifinalist 3rd place: $5,000 if eliminated

Game dynamics:

Coryat scores:

Jenna Will Lauren
$10,000 $19,800 $7,600
12 R,
2 W
(including 1 DD)
24 R
(including 2 DDs),
1 W
10 R,
2 W

Combined Coryat: $37,400

The J! Archive is created by fans, for fans. The Jeopardy! game show and all elements thereof, including but not limited to copyright and trademark thereto, are the property of Jeopardy Productions, Inc. and are protected under law. This website is not affiliated with, sponsored by, or operated by Jeopardy Productions, Inc. Join the discussion at JBoard.tv.